000 00761nam a2200253Ia 4500
003 OSt
005 20220926002909.0
006 a|||||r|||| 00| 0
007 ta
008 220923b |||||||| |||| 00| 0 eng d
020 _a9788125040132
_c495.00
037 _b1274, 08/03/2017, Dhanraj Book House
_cGeneral Book
040 _aRTL
_cRTL
_beng
041 _2eng
_aeng
082 _aY592.2, L0
100 _aKOTHARI Rajni
_997368
245 0 _aCaste in Indian politics
260 _a New Delhi
_bOrient Blackswan
_c1970
300 _axi,363p.
_ccm.
500 _aBibliography: Chapterwise
650 _aSociology
942 _hY592.2, L0
_cGB
_2CC
999 _c606374
_d606374